[Event "Bezirksliga Oberbayern 1819"]
[Site "Bayern"]
[Date "2019.03.24"]
[Round "8.2"]
[White "Sailer, Wolfgang"]
[Black "Riehl, Joerg"]
[Result "1-0"]
[WhiteElo "2111"]
[BlackElo "1934"]
[PlyCount "51"]
[EventDate "2018.10.21"]
[EventType "team-tourn"]
[EventRounds "9"]
[EventCountry "GER"]
[SourceTitle "EXT 2022"]
[Source "ChessBase"]
[SourceDate "2021.10.06"]
[SourceVersion "1"]
[SourceVersionDate "2021.10.06"]
[SourceQuality "1"]
[WhiteTeam "Neuburg"]
[BlackTeam "Fuerstenfeldbruck TuS"]
[WhiteTeamCountry "GER"]
[BlackTeamCountry "GER"]

1. e4 e6 2. d4 d5 3. Nc3 Nf6 4. e5 Nfd7 5. f4 c5 6. Nf3 Nc6 7. Be3 a6 8. Qd2 b5 9. dxc5 Nxc5 10. Qf2 Na4 11. Nxa4 bxa4 12. Bd3 Qa5+ 13. c3 Rb8 14. 0-0 g6 15. Rac1 Bd7 16. a3 Be7 17. c4 dxc4 18. Rxc4 0-0 19. Rfc1 Rfc8 20. Bc5 Rb3 21. Be4 Qb5 22. Bxe7 Rxb2 23. Bxc6 Rxc6 24. Qd4 Rxc4 25. Qxc4 Rb1 26. Qxb5 1-0

[Event "Bezirksliga Oberbayern 1819"]
[Site "Bayern"]
[Date "2019.02.24"]
[Round "7.3"]
[White "Ipfelkofer, Frank"]
[Black "Riehl, Joerg"]
[Result "1-0"]
[WhiteElo "2129"]
[BlackElo "1934"]
[PlyCount "87"]
[EventDate "2018.10.21"]
[EventType "team-tourn"]
[EventRounds "9"]
[EventCountry "GER"]
[SourceTitle "EXT 2022"]
[Source "ChessBase"]
[SourceDate "2021.10.06"]
[SourceVersion "1"]
[SourceVersionDate "2021.10.06"]
[SourceQuality "1"]
[WhiteTeam "Gauting"]
[BlackTeam "Fuerstenfeldbruck TuS"]
[WhiteTeamCountry "GER"]
[BlackTeamCountry "GER"]

1. e4 e6 2. d3 d5 3. Nd2 Nf6 4. Ngf3 c5 5. g3 Nc6 6. Bg2 Be7 7. 0-0 0-0 8. e5 Nd7 9. Re1 b5 10. c3 b4 11. c4 Nb6 12. Qe2 a5 13. a4 Ra7 14. b3 Rd7 15. Rb1 Bb7 16. Nf1 Qa8 17. Bb2 Rfd8 18. Red1 dxc4 19. dxc4 Qc8 20. Ne3 Rxd1+ 21. Rxd1 Rd7 22. Ng4 Rxd1+ 23. Qxd1 Qd8 24. Qe2 Nd7 25. h4 Nf8 26. h5 h6 27. Bc1 Nh7 28. Be3 Bf8 29. Qc2 Qd7 30. Bxh6 Nd4 31. Nxd4 Bxg2 32. Kxg2 Qxd4 33. Bf4 Ng5 34. Nh2 Be7 35. Bxg5 Bxg5 36. f4 Qc3 37. Qd1 Be7 38. Nf3 f6 39. Kh3 fxe5 40. Nxe5 Bf6 41. Ng6 Bd4 42. Qh1 Kf7 43. Qb7+ Kf6 44. Kg4 1-0

[Event "Bezirksliga Oberbayern 1819"]
[Site "Bayern"]
[Date "2019.02.03"]
[Round "6.4"]
[White "Lippert, Frank"]
[Black "Riehl, Joerg"]
[Result "1-0"]
[WhiteElo "2050"]
[BlackElo "1934"]
[PlyCount "77"]
[EventDate "2018.10.21"]
[EventType "team-tourn"]
[EventRounds "9"]
[EventCountry "GER"]
[SourceTitle "EXT 2022"]
[Source "ChessBase"]
[SourceDate "2021.10.06"]
[SourceVersion "1"]
[SourceVersionDate "2021.10.06"]
[SourceQuality "1"]
[WhiteTeam "Graefelfing SK"]
[BlackTeam "Fuerstenfeldbruck TuS"]
[WhiteTeamCountry "GER"]
[BlackTeamCountry "GER"]

1. d4 d5 2. Nf3 Bf5 3. c4 c6 4. Nc3 e6 5. Qb3 Qb6 6. c5 Qxb3 7. axb3 Na6 8. Ra4 Bc2 9. Bf4 Bxb3 10. Ra3 Bc2 11. e3 Nb4 12. Kd2 Be7 13. Be2 Bd8 14. Rha1 a5 15. Ne1 Bf5 16. Rb3 g5 17. Be5 f6 18. Bg3 Rc8 19. Na4 Ne7 20. Nb6 Kf7 21. Rxa5 Bxb6 22. cxb6 c5 23. Rxc5 Rxc5 24. dxc5 Nec6 25. Bd6 Re8 26. Ra3 Rd8 27. g4 Bg6 28. f3 e5 29. Ra4 d4 30. exd4 exd4 31. Bc4+ Kg7 32. Nd3 Nxd3 33. Bxd3 Re8 34. Bxg6 Kxg6 35. b4 Re3 36. b5 Ne5 37. Bxe5 fxe5 38. c6 Rxf3 39. cxb7 1-0

[Event "Bezirksliga Oberbayern 1819"]
[Site "Bayern"]
[Date "2018.12.16"]
[Round "4.3"]
[White "Riehl, Joerg"]
[Black "Muharemagic, Asim"]
[Result "0-1"]
[WhiteElo "1934"]
[BlackElo "1997"]
[PlyCount "72"]
[EventDate "2018.10.21"]
[EventType "team-tourn"]
[EventRounds "9"]
[EventCountry "GER"]
[SourceTitle "EXT 2022"]
[Source "ChessBase"]
[SourceDate "2021.10.06"]
[SourceVersion "1"]
[SourceVersionDate "2021.10.06"]
[SourceQuality "1"]
[WhiteTeam "Fuerstenfeldbruck TuS"]
[BlackTeam "Ingolstadt MTV"]
[WhiteTeamCountry "GER"]
[BlackTeamCountry "GER"]

1. d4 g6 2. e4 Bg7 3. Nf3 d6 4. Be2 Nd7 5. c4 e5 6. 0-0 Ngf6 7. Nc3 0-0 8. Be3 c6 9. d5 cxd5 10. cxd5 Ne8 11. Nd2 f5 12. exf5 gxf5 13. f4 exf4 14. Rxf4 Bh6 15. Rf3 Bxe3+ 16. Rxe3 Ne5 17. Kh1 f4 18. Re4 Qh4 19. Nf3 Nxf3 20. Bxf3 Ng7 21. Qe1 Qh6 22. Qd2 Bd7 23. Rae1 Rf7 24. Kg1 Raf8 25. Re7 Nf5 26. Rxf7 Rxf7 27. Ne4 Ne3 28. Qa5 b6 29. Qxa7 Qh4 30. Re2 Nc4 31. Qb8+ Rf8 32. Qc7 Ne5 33. Qxd6 Rc8 34. h3 Rc1+ 35. Kh2 Nxf3+ 36. gxf3 Qxh3# 0-1

[Event "Oberbayern Bezirksliga 1718"]
[Site "Germany"]
[Date "2018.01.21"]
[Round "5.3"]
[White "Nikutowski, Oliver"]
[Black "Riehl, Joerg"]
[Result "1-0"]
[WhiteElo "1942"]
[BlackElo "1977"]
[PlyCount "131"]
[EventDate "2017.10.22"]
[EventType "team-tourn"]
[EventRounds "9"]
[EventCountry "GER"]
[SourceTitle "EXT 2019"]
[Source "ChessBase"]
[SourceDate "2018.10.10"]
[SourceVersion "1"]
[SourceVersionDate "2018.10.10"]
[SourceQuality "1"]
[WhiteTeam "Gauting"]
[BlackTeam "Fuerstenfeldbruck"]
[WhiteTeamCountry "GER"]
[BlackTeamCountry "GER"]

1. c4 e6 2. g3 d5 3. Bg2 Nf6 4. Nf3 Be7 5. 0-0 0-0 6. b3 a5 7. Bb2 a4 8. Na3 axb3 9. axb3 Nc6 10. Nc2 Bd7 11. d3 Bd6 12. Qd2 Qe7 13. d4 b6 14. Qd3 Rfd8 15. Nd2 h6 16. e4 dxe4 17. Nxe4 Nxe4 18. Qxe4 Rxa1 19. Rxa1 Nb4 20. Nxb4 Bxb4 21. Qe3 Qd6 22. Qe4 Be8 23. Rd1 Qe7 24. Qb7 Bd6 25. Re1 Qf6 26. Re2 Qf5 27. Qe4 Qxe4 28. Bxe4 Be7 29. f4 Bf6 30. Rd2 Rd6 31. Kf2 Bc6 32. Bxc6 Rxc6 33. Ke3 b5 34. d5 exd5 35. Bxf6 Rxf6 36. cxb5 Kf8 37. Rxd5 Ke7 38. Kd4 Rb6 39. Kc4 Rb7 40. Kc5 Rb6 41. Rd2 Re6 42. Rd5 Rb6 43. g4 Rf6 44. Rf5 Rb6 45. h4 Rd6 46. Re5+ Kf6 47. g5+ hxg5 48. hxg5+ Kg6 49. Re7 Rd3 50. Rxc7 Rxb3 51. b6 f6 52. Rd7 fxg5 53. fxg5 Kxg5 54. Rxg7+ Kf6 55. Rd7 Ke6 56. Rd2 Rc3+ 57. Kb5 Rb3+ 58. Kc6 Rc3+ 59. Kb7 Rb3 60. Kc7 Rc3+ 61. Kb8 Rc1 62. Rb2 Kd7 63. b7 Ra1 64. Rd2+ Kc6 65. Kc8 Rh1 66. Rc2+ 1-0

[Event "Oberbayern Bezirksliga 1718"]
[Site "Germany"]
[Date "2017.11.26"]
[Round "3.4"]
[White "Riehl, Joerg"]
[Black "Mooser, Nicolas"]
[Result "0-1"]
[WhiteElo "1977"]
[BlackElo "1896"]
[PlyCount "60"]
[EventDate "2017.10.22"]
[EventType "team-tourn"]
[EventRounds "9"]
[EventCountry "GER"]
[SourceTitle "EXT 2019"]
[Source "ChessBase"]
[SourceDate "2018.10.10"]
[SourceVersion "1"]
[SourceVersionDate "2018.10.10"]
[SourceQuality "1"]
[WhiteTeam "Fuerstenfeldbruck"]
[BlackTeam "Dorfen"]
[WhiteTeamCountry "GER"]
[BlackTeamCountry "GER"]

1. d4 d5 2. c4 e6 3. Nc3 c6 4. Nf3 dxc4 5. a4 Bb4 6. e3 b5 7. Ne5 Bb7 8. Bd2 a5 9. Qc2 Nf6 10. axb5 Bxc3 11. Qxc3 cxb5 12. Rxa5 Rxa5 13. Qxa5 Qxa5 14. Bxa5 Nc6 15. Nxc6 Bxc6 16. Be2 0-0 17. 0-0 Ra8 18. Bd2 Ra2 19. Bf3 Bxf3 20. gxf3 Rxb2 21. Ba5 b4 22. e4 c3 23. Rc1 h6 24. Kf1 Nh5 25. d5 exd5 26. exd5 Kf8 27. Bc7 c2 28. Ke1 Rb1 29. Kd2 b3 30. Be5 Ke7 0-1

[Event "Oberbayern Bezirksliga 1718"]
[Site "Germany"]
[Date "2017.10.22"]
[Round "1.3"]
[White "Besner, Bernhard"]
[Black "Riehl, Joerg"]
[Result "0-1"]
[WhiteElo "2088"]
[BlackElo "1977"]
[PlyCount "136"]
[EventDate "2017.10.22"]
[EventType "team-tourn"]
[EventRounds "9"]
[EventCountry "GER"]
[SourceTitle "EXT 2019"]
[Source "ChessBase"]
[SourceDate "2018.10.10"]
[SourceVersion "1"]
[SourceVersionDate "2018.10.10"]
[SourceQuality "1"]
[WhiteTeam "Freilassing"]
[BlackTeam "Fuerstenfeldbruck"]
[WhiteTeamCountry "GER"]
[BlackTeamCountry "GER"]

1. e4 e6 2. d4 d5 3. e5 c5 4. c3 Qb6 5. Nf3 Nc6 6. Bd3 cxd4 7. cxd4 Bd7 8. 0-0 Nxd4 9. Nbd2 Bc5 10. b4 Be7 11. a3 Nh6 12. Nb3 Nxb3 13. Qxb3 Qd8 14. Be3 0-0 15. Rac1 f6 16. Rc3 Nf7 17. Bd4 fxe5 18. Nxe5 Nxe5 19. Bxe5 Bf6 20. Bc7 Qe7 21. Rcc1 Rac8 22. Qb1 g6 23. Bf4 Rxc1 24. Bxc1 Bd4 25. Bh6 Rf7 26. Qc2 Qh4 27. Bc1 Be5 28. g3 Qf6 29. Qe2 Bd6 30. Bb2 Qf3 31. Qc2 d4 32. Be4 Qf6 33. Qd3 e5 34. Bxb7 Bh3 35. Bd5 Bxf1 36. Bxf7+ Qxf7 37. Kxf1 Qd5 38. f3 Kf7 39. Kg2 Be7 40. h4 Qa2 41. Qc2 Ke6 42. Kh3 Bd6 43. Qc8+ Ke7 44. Qb7+ Ke6 45. Qc8+ Ke7 46. Bc1 Qe6+ 47. Qxe6+ Kxe6 48. Kg2 Kd5 49. Kf2 Kc4 50. Ke2 Kc3 51. Kd1 h5 52. Bd2+ Kd3 53. Bc1 a6 54. Bg5 Kc3 55. Bd2+ Kb3 56. Bc1 Bf8 57. Ke2 Kc2 58. Bd2 d3+ 59. Ke1 Bd6 60. Be3 e4 61. f4 Kb3 62. Kd2 Be7 63. Kd1 Bf6 64. Bc5 Bb2 65. a4 Kxa4 66. Kd2 Kb3 67. Be7 Bc3+ 68. Kd1 e3 0-1

[Event "Oberbayern Bezirksliga 1617"]
[Site "Germany"]
[Date "2017.04.02"]
[Round "8.3"]
[White "Schweiger, Georg"]
[Black "Riehl, Joerg"]
[Result "1/2-1/2"]
[WhiteElo "2035"]
[BlackElo "1986"]
[PlyCount "49"]
[EventDate "2016.10.16"]
[EventType "team-tourn"]
[EventRounds "9"]
[EventCountry "GER"]
[SourceTitle "EXT 2019"]
[Source "ChessBase"]
[SourceDate "2018.10.10"]
[SourceVersion "1"]
[SourceVersionDate "2018.10.10"]
[SourceQuality "1"]
[WhiteTeam "Ebersberg Grafing"]
[BlackTeam "Fuerstenfeldbruck"]
[WhiteTeamCountry "GER"]
[BlackTeamCountry "GER"]

1. f4 d5 2. Nf3 Nf6 3. g3 Bg4 4. Bg2 Nc6 5. 0-0 e6 6. d4 h5 7. Be3 Ne4 8. Nbd2 Nxd2 9. Qxd2 Be7 10. h4 Bxf3 11. Rxf3 f5 12. Bf2 0-0 13. Rc1 b5 14. a4 bxa4 15. c4 Qd7 16. cxd5 exd5 17. Qc2 Nb4 18. Qxc7 Rfd8 19. Qxd7 Rxd7 20. Ra3 Kf7 21. Rxa4 Ke6 22. Be1 Rb8 23. Bxb4 Rxb4 24. Rxb4 Bxb4 25. Kf2 1/2-1/2

[Event "Oberbayern Bezirksliga 1617"]
[Site "Germany"]
[Date "2016.10.16"]
[Round "1.1"]
[White "Riehl, Joerg"]
[Black "Velickovic, Zoran"]
[Result "1-0"]
[WhiteElo "1986"]
[BlackElo "2296"]
[PlyCount "53"]
[EventDate "2016.10.16"]
[EventType "team-tourn"]
[EventRounds "9"]
[EventCountry "GER"]
[SourceTitle "EXT 2019"]
[Source "ChessBase"]
[SourceDate "2018.10.10"]
[SourceVersion "1"]
[SourceVersionDate "2018.10.10"]
[SourceQuality "1"]
[WhiteTeam "Fuerstenfeldbruck"]
[BlackTeam "Freilassing"]
[WhiteTeamCountry "GER"]
[BlackTeamCountry "GER"]

1. d4 Nf6 2. c4 c5 3. d5 b5 4. a4 bxc4 5. Nc3 g6 6. e4 d6 7. Bxc4 Bg7 8. Nf3 0-0 9. h3 Ba6 10. Bb5 Bxb5 11. axb5 Nbd7 12. 0-0 Ne8 13. Bf4 Nc7 14. Qe2 Nb6 15. Rfd1 f6 16. Ra2 Qd7 17. Rda1 Rfb8 18. Rxa7 Rxa7 19. Rxa7 Qc8 20. Qf1 Ra8 21. Qa1 h6 22. Nd2 f5 23. e5 dxe5 24. Be3 Rxa7 25. Qxa7 Nbxd5 26. Nxd5 Nxd5 27. b6 1-0

[Event "Regionalliga SO 0203"]
[Site "Bayern"]
[Date "2002.12.15"]
[Round "3.7"]
[White "Riehl, Joerg"]
[Black "Mittermeier, Josef"]
[Result "1/2-1/2"]
[WhiteElo "1980"]
[BlackElo "1990"]
[PlyCount "88"]
[EventDate "2002.10.20"]
[EventType "team"]
[EventRounds "9"]
[EventCountry "GER"]
[SourceTitle "EXT 2004"]
[Source "ChessBase"]
[SourceDate "2003.11.25"]
[SourceVersion "1"]
[SourceVersionDate "2003.11.25"]
[SourceQuality "1"]
[WhiteTeam "Fuerstenfeldbruck"]
[BlackTeam "Dorfen"]
[WhiteTeamCountry "GER"]
[BlackTeamCountry "GER"]

1. d4 d5 2. Nf3 c6 3. g3 Bg4 4. Ne5 Bh5 5. Bg2 e6 6. 0-0 f5 7. f3 Nf6 8. Qd3 Nbd7 9. Bf4 Nxe5 10. Bxe5 Nd7 11. Bf4 Be7 12. e4 0-0 13. Nc3 Qb6 14. Kh1 g5 15. Be3 Bg6 16. Qd2 h6 17. Rab1 Rf7 18. Rfe1 Raf8 19. exd5 exd5 20. Bg1 Bf6 21. Na4 Qd8 22. Qb4 Nb6 23. Nc5 Be7 24. Qa5 Bxc5 25. dxc5 Nc8 26. Qxd8 Rxd8 27. Re6 Ne7 28. Rbe1 Kf8 29. Bd4 f4 30. Be5 Bf5 31. Rxh6 Ng8 32. Rh8 fxg3 33. hxg3 Rh7+ 34. Rxh7 Bxh7 35. Bd6+ Kf7 36. Bh3 Bxc2 37. Kg2 Bd3 38. Be6+ Kf6 39. Bg4 Bf5 40. Kh3 Bxg4+ 41. Kxg4 Kg6 42. Kh3 Nf6 43. g4 Re8 44. Rb1 Re3 1/2-1/2

[Event "Landesliga Sued 0102"]
[Site "Bayern"]
[Date "2002.02.03"]
[Round "5.7"]
[White "Riehl, Joerg"]
[Black "Loos, Stephan"]
[Result "0-1"]
[WhiteElo "2030"]
[BlackElo "2060"]
[PlyCount "132"]
[EventDate "2001.10.07"]
[EventType "team-tourn"]
[EventRounds "9"]
[EventCountry "GER"]
[SourceTitle "EXT 2003"]
[Source "ChessBase"]
[SourceDate "2002.11.25"]
[SourceVersion "1"]
[SourceVersionDate "2002.11.25"]
[SourceQuality "1"]
[WhiteTeam "Fuerstenfeldbruck"]
[BlackTeam "Bayern Muenchen II"]
[WhiteTeamCountry "GER"]
[BlackTeamCountry "GER"]

1. d4 f5 2. g3 g6 3. Bg2 Nf6 4. Nh3 Bg7 5. 0-0 0-0 6. b3 d6 7. Bb2 e6 8. Nd2 Qe7 9. Nc4 Rd8 10. Qe1 Nbd7 11. a4 d5 12. Ne3 Ne4 13. c4 c6 14. b4 Bh6 15. f4 Ndf6 16. b5 c5 17. Ba3 dxc4 18. dxc5 Nd2 19. Qc1 Nxf1 20. Kxf1 Nd5 21. Nxc4 Bg7 22. Ra2 Nc3 23. Rd2 Rxd2 24. Qxd2 Nxa4 25. c6 Qc7 26. Bd6 Qf7 27. Ng5 Qf6 28. cxb7 Bxb7 29. Bxb7 Rd8 30. Qa2 Nb6 31. Be5 Qe7 32. Nd6 Bxe5 33. fxe5 Qxg5 34. Qxe6+ Kg7 35. Bf3 Rd7 36. Kf2 Qe7 37. Qxe7+ Rxe7 38. e4 Rxe5 39. exf5 gxf5 40. Bc6 Kf6 41. Kf3 Ke7 42. Nb7 Nd5 43. Na5 Nc7 44. Kf4 Kf6 45. Nc4 Rc5 46. Nd6 a6 47. g4 axb5 48. Bb7 Ne6+ 49. Kg3 f4+ 50. Kh4 Ke5 51. Nf7+ Kd4 52. g5 Rc7 53. Nd6 Ke5 54. Nxb5 Rxb7 55. Nc3 Rf7 56. Nd1 f3 57. Nf2 Kf4 58. h3 Ke3 59. Kg3 Nxg5 60. Ng4+ Ke2 61. Kh4 Rf4 62. Kg3 Rxg4+ 63. Kxg4 f2 64. Kxg5 f1Q 65. h4 Ke3 66. h5 Qf4# 0-1

[Event "Landesliga Sued 0001"]
[Site "Bayern"]
[Date "2001.01.28"]
[Round "5"]
[White "Riehl, Joerg"]
[Black "Haizmann, Thomas"]
[Result "1-0"]
[WhiteElo "2005"]
[BlackElo "2085"]
[PlyCount "73"]
[EventDate "2000.10.15"]
[EventType "team-tourn"]
[EventRounds "9"]
[EventCountry "GER"]
[SourceTitle "EXT 2020"]
[Source "ChessBase"]
[SourceDate "2019.10.17"]
[SourceVersion "1"]
[SourceVersionDate "2019.10.17"]
[SourceQuality "1"]
[WhiteTeam "Fuerstenfeldbruck TuS"]
[BlackTeam "Muenchen Siemens"]
[WhiteTeamCountry "GER"]
[BlackTeamCountry "GER"]

1. d4 d5 2. c4 e6 3. Nc3 Nf6 4. Bg5 Be7 5. cxd5 exd5 6. e3 0-0 7. Qc2 c6 8. Bd3 Nbd7 9. 0-0-0 Re8 10. h4 Nf8 11. h5 h6 12. Bf4 Bd6 13. Nge2 Ne6 14. Bxd6 Qxd6 15. Ng3 Ng5 16. Kb1 Bg4 17. Rdg1 b6 18. Nf5 Bxf5 19. Bxf5 c5 20. g4 a6 21. f4 Nf3 22. g5 Ne4 23. Nxe4 dxe4 24. dxc5 Qxc5 25. Qxc5 bxc5 26. Rc1 hxg5 27. fxg5 Re5 28. Bd7 Rxg5 29. Ka1 Rb8 30. Rc2 Rb6 31. Rhc1 Rh6 32. Rxc5 Rgxh5 33. Rxh5 Rxh5 34. Bc8 a5 35. Bb7 Rg5 36. Bxe4 Ne5 37. Rc8# 1-0

[Event "Landesliga Sued 9900"]
[Site "Bayern"]
[Date "2000.03.26"]
[Round "8.7"]
[White "Riehl, Joerg"]
[Black "Katzer, Joachim"]
[Result "0-1"]
[WhiteElo "1985"]
[BlackElo "1930"]
[PlyCount "110"]
[EventDate "1999.10.10"]
[EventType "team-tourn"]
[EventRounds "9"]
[EventCountry "GER"]
[SourceTitle "EXT 2020"]
[Source "ChessBase"]
[SourceDate "2019.10.17"]
[SourceVersion "1"]
[SourceVersionDate "2019.10.17"]
[SourceQuality "1"]
[WhiteTeam "Fuerstenfeldbruck TuS"]
[BlackTeam "Sendling SC"]
[WhiteTeamCountry "GER"]
[BlackTeamCountry "GER"]

1. d4 d5 2. c4 e6 3. Nc3 c5 4. cxd5 exd5 5. Nf3 Nc6 6. e3 Nf6 7. Be2 Bd6 8. 0-0 0-0 9. dxc5 Bxc5 10. Nb5 a6 11. Nbd4 Qd6 12. Nxc6 bxc6 13. b3 Ne4 14. Bb2 Re8 15. Rc1 Ba7 16. Rc2 c5 17. Ba3 Bb7 18. Qc1 Rad8 19. Rd1 Qh6 20. Bf1 Bb8 21. g3 Qh5 22. Ne1 d4 23. Bxc5 dxe3 24. Rxd8 exf2+ 25. Bxf2 Rxd8 26. Be2 Qf5 27. Bf3 h6 28. Be3 Re8 29. Bf4 Ba7+ 30. Kg2 Ng5 31. Bxg5 Rxe1 32. Rc8+ Kh7 33. Qc2 Bxc8 34. Qxf5+ Bxf5 35. Bf4 Be4 36. Bxe4+ Rxe4 37. Kf3 Re6 38. a3 g6 39. b4 Rc6 40. Be5 Re6 41. Bd4 Rc6 42. Bxa7 Rc3+ 43. Ke4 Rxa3 44. Bc5 Ra2 45. h4 f5+ 46. Kd5 Kg7 47. Ke6 Re2+ 48. Kd5 Kf7 49. Kc6 g5 50. Kb7 Ra2 51. hxg5 hxg5 52. Bd6 Ke6 53. Bc7 Kd5 54. Ba5 f4 55. Kxa6 f3 0-1

[Event "Landesliga Sued 9900"]
[Site "Bayern"]
[Date "2000.03.12"]
[Round "7.7"]
[White "Schaefer, Matthias"]
[Black "Riehl, Joerg"]
[Result "1-0"]
[WhiteElo "1970"]
[BlackElo "1985"]
[PlyCount "91"]
[EventDate "1999.10.10"]
[EventType "team-tourn"]
[EventRounds "9"]
[EventCountry "GER"]
[SourceTitle "EXT 2020"]
[Source "ChessBase"]
[SourceDate "2019.10.17"]
[SourceVersion "1"]
[SourceVersionDate "2019.10.17"]
[SourceQuality "1"]
[WhiteTeam "Starnberg SC"]
[BlackTeam "Fuerstenfeldbruck TuS"]
[WhiteTeamCountry "GER"]
[BlackTeamCountry "GER"]

1. e4 e6 2. d4 d5 3. Nc3 Nf6 4. Bg5 Bb4 5. e5 h6 6. Bd2 Bxc3 7. bxc3 Ne4 8. Bd3 Nxd2 9. Qxd2 c5 10. Nf3 Nc6 11. h4 Bd7 12. Rb1 Qc7 13. Be2 cxd4 14. cxd4 Na5 15. Qb4 b6 16. Rc1 Rc8 17. c3 Nc4 18. Rh3 a5 19. Qb1 b5 20. Bd3 Bc6 21. Rg3 f5 22. exf6 gxf6 23. Kf1 Kf8 24. Re1 Re8 25. Qc1 Qd6 26. Rg6 Kf7 27. Rxh6 Reg8 28. h5 Qf8 29. Bg6+ Ke7 30. Rxh8 Rxh8 31. Qf4 Kd7 32. Nh4 Qg7 33. Rxe6 Kxe6 34. Bf5+ Kf7 35. Qc7+ Kf8 36. Qd8+ Be8 37. Ng6+ Kf7 38. Qe7+ Kg8 39. Qxe8+ Kh7 40. Nxh8+ Kh6 41. Qg6+ Qxg6 42. hxg6 Nb2 43. Nf7+ Kg7 44. Nd6 Kf8 45. Be6 b4 46. cxb4 1-0

[Event "Landesliga Sued 9900"]
[Site "Bayern"]
[Date "1999.12.12"]
[Round "3.7"]
[White "Wengler, Joerg"]
[Black "Riehl, Joerg"]
[Result "1/2-1/2"]
[WhiteElo "1995"]
[BlackElo "1985"]
[PlyCount "67"]
[EventDate "1999.10.10"]
[EventType "team-tourn"]
[EventRounds "9"]
[EventCountry "GER"]
[SourceTitle "EXT 2020"]
[Source "ChessBase"]
[SourceDate "2019.10.17"]
[SourceVersion "1"]
[SourceVersionDate "2019.10.17"]
[SourceQuality "1"]
[WhiteTeam "Muenchen FC Bayern II"]
[BlackTeam "Fuerstenfeldbruck TuS"]
[WhiteTeamCountry "GER"]
[BlackTeamCountry "GER"]

1. e4 e6 2. d4 d5 3. Nc3 Nf6 4. Bg5 Bb4 5. e5 h6 6. Bd2 Bxc3 7. bxc3 Ne4 8. Qg4 g6 9. h4 c5 10. Bd3 Nxd2 11. Kxd2 Nc6 12. Nf3 Qa5 13. Qf4 cxd4 14. Nxd4 Nxd4 15. Qxd4 Bd7 16. Rab1 b6 17. Qb4 Qxb4 18. cxb4 a6 19. Rb3 Bb5 20. Rc3 Kd7 21. Rh3 Bxd3 22. Rhxd3 Rhc8 23. Rxc8 Rxc8 24. Rf3 Ke7 25. Rc3 Rxc3 26. Kxc3 Kd7 27. Kd4 Kc6 28. a4 a5 29. b5+ Kd7 30. g4 Ke7 31. f4 Kf8 32. g5 h5 33. c4 dxc4 34. Kxc4 1/2-1/2

[Event "Regionalliga SO 9899"]
[Site "Bayern"]
[Date "1999.??.??"]
[Round "9.4"]
[White "Berger, Stefan2222"]
[Black "Riehl, Joerg"]
[Result "1-0"]
[WhiteElo "1770"]
[BlackElo "1990"]
[PlyCount "107"]
[EventDate "1998.??.??"]
[EventType "team-tourn"]
[EventRounds "9"]
[EventCountry "GER"]
[SourceTitle "EXT 2020"]
[Source "ChessBase"]
[SourceDate "2019.10.17"]
[SourceVersion "1"]
[SourceVersionDate "2019.10.17"]
[SourceQuality "1"]
[WhiteTeam "Simbach"]
[BlackTeam "Fuerstenfeldbruck TuS"]
[WhiteTeamCountry "GER"]
[BlackTeamCountry "GER"]

1. e4 e6 2. d4 d5 3. Nc3 Nf6 4. Bg5 Bb4 5. e5 h6 6. Bd2 Bxc3 7. bxc3 Ne4 8. h4 c5 9. Qg4 g6 10. Bd3 Nxd2 11. Kxd2 Nc6 12. Rh3 Qa5 13. Bxg6 Nxd4 14. Ne2 Rg8 15. Bxf7+ Kxf7 16. Qf4+ Ke8 17. Nxd4 cxd4 18. Rf3 dxc3+ 19. Ke1 Qc7 20. Rb1 b6 21. Rb3 Qg7 22. Rbxc3 Rf8 23. Rg3 Rxf4 24. Rxg7 Rf7 25. Rg8+ Kd7 26. Rh8 a5 27. Rxh6 Ba6 28. Rh3 Rf5 29. Rh7+ Kc6 30. h5 Rxe5+ 31. Kd1 Rg8 32. f4 Re4 33. h6 Rxg2 34. Rg7 Be2+ 35. Kc1 Bg4 36. Rxg4 Rxg4 37. h7 Rgxf4 38. h8Q Rf1+ 39. Kb2 Rb4+ 40. Kc3 Rc4+ 41. Kd3 Rd1+ 42. Ke2 Rc1 43. c3 Rc2+ 44. Kd1 Rxa2 45. Rh6 Re4 46. Rh7 Kb5 47. Qe8+ Ka6 48. Rh8 Ree2 49. Qc8+ Kb5 50. Qd7+ Kc4 51. Rh4+ Kc5 52. Qc7+ Kb5 53. c4+ dxc4 54. Qxc4# 1-0

[Event "Regionalliga SO 9798"]
[Site "Bayern"]
[Date "1998.??.??"]
[Round "?.6"]
[White "Braun, Christoph"]
[Black "Riehl, Joerg"]
[Result "1/2-1/2"]
[WhiteElo "2010"]
[BlackElo "2000"]
[PlyCount "96"]
[EventDate "1997.10.19"]
[EventType "team-tourn"]
[EventRounds "9"]
[EventCountry "GER"]
[SourceTitle "EXT 2020"]
[Source "ChessBase"]
[SourceDate "2019.10.17"]
[SourceVersion "1"]
[SourceVersionDate "2019.10.17"]
[SourceQuality "1"]
[WhiteTeam "Freising SK"]
[BlackTeam "Fuerstenfeldbruck TuS"]
[WhiteTeamCountry "GER"]
[BlackTeamCountry "GER"]

1. e4 e6 2. d4 d5 3. Nc3 Nf6 4. Bg5 Bb4 5. a3 Bxc3+ 6. bxc3 dxe4 7. f3 c5 8. Qd2 cxd4 9. cxd4 Bd7 10. Nh3 exf3 11. gxf3 Bc6 12. Bg2 Nbd7 13. 0-0 h6 14. Bf4 Nb6 15. Rad1 Nc4 16. Qb4 Bd5 17. Rfe1 Qb6 18. Nf2 Qxb4 19. axb4 0-0 20. Ne4 Nh5 21. Bc1 a5 22. bxa5 Rxa5 23. Nc3 Nf6 24. Kf2 Rc8 25. Re2 b5 26. Ne4 Kh7 27. Nc5 Ra1 28. c3 Rca8 29. Nb3 Rb1 30. Nc5 Raa1 31. Ree1 Na5 32. Bf1 Nb3 33. Bd3+ g6 34. Bxb1 Rxb1 35. Be3 Rb2+ 36. Re2 Rxe2+ 37. Kxe2 Na5 38. Ra1 Nc6 39. Ra6 Kg7 40. Bd2 b4 41. Rb6 Bc4+ 42. Kf2 bxc3 43. Bxc3 Ne7 44. Rb7 Nfd5 45. Bb2 g5 46. Nd7 Ba6 47. Ra7 Bb5 48. Ne5 f6 1/2-1/2

[Event "Regionalliga SO 9899"]
[Site "Bayern"]
[Date "1998.??.??"]
[Round "1.6"]
[White "Riehl, Joerg"]
[Black "Dost, Andreas"]
[Result "0-1"]
[WhiteElo "1990"]
[BlackElo "1895"]
[PlyCount "58"]
[EventDate "1998.??.??"]
[EventType "team-tourn"]
[EventRounds "9"]
[EventCountry "GER"]
[SourceTitle "EXT 2020"]
[Source "ChessBase"]
[SourceDate "2019.10.17"]
[SourceVersion "1"]
[SourceVersionDate "2019.10.17"]
[SourceQuality "1"]
[WhiteTeam "Fuerstenfeldbruck TuS"]
[BlackTeam "Freising SK"]
[WhiteTeamCountry "GER"]
[BlackTeamCountry "GER"]

1. d4 Nf6 2. c4 e6 3. Nc3 Bb4 4. e3 b6 5. Nge2 Ba6 6. a3 Be7 7. Nf4 0-0 8. b4 d6 9. Bb2 Bb7 10. Qc2 c5 11. Rd1 Nbd7 12. Be2 Qc7 13. 0-0 cxd4 14. Nb5 Qb8 15. exd4 d5 16. Bc1 a6 17. Nc3 Bd6 18. g3 dxc4 19. Bxc4 Qc7 20. Bd3 Rac8 21. Bd2 e5 22. dxe5 Nxe5 23. Be2 Nf3+ 24. Bxf3 Bxf3 25. Rc1 Bxf4 26. Bxf4 Qd7 27. Qd1 Bxd1 28. Rcxd1 Qh3 29. Nd5 Ng4 0-1